Exame da OAB. Queste̳s Comentadas

Detalles Bibliográficos
Autor principal: Passos, Aurľio
Formato: Libro
Lenguaje:portugués
Publicado: Brasil JH Mizuno 2014
Materias:
Acceso en línea:Acceso restringido

MARC

LEADER 00000nam a22000007a 4500
005 20160309135548.0
007 cr|||| ||u|
008 160309s2014 bl ||||| |||| 00||0 por d
020 |a 978-85-7789-193-1 
035 |a 14012 
040 |a vLex  
090 |c 5961  |d 5961 
100 1 |a Passos, Aurľio  
245 1 0 |a Exame da OAB. Queste̳s Comentadas  |h [Recurso electrn̤ico] /  |c Aurľio Passos 
256 |a Servicio en ln̕ea  
260 |a Brasil   |b JH Mizuno  |c 2014 
300 |a 1 recurso electrn̤ico  
506 |a Contenido solo disponible en los productos indicados   |d vLex Global  |d vLex Global (Academic Edition, excluding Law Schools)  |d vLex Global (U.S. Academic Edition, Law Schools)  |d vLex Global (U.S. Academic Edition, excluding Law Schools)  |d vLex Global (Academic Edition, Law Schools) 
650 0 4 |a Derecho  |z Brasil  
740 0 |a vLex libros (servicio en ln̕ea)  
856 4 0 |u http://vlex.com/source/exame-oab-quest-es-comentadas-14012  |z Acceso restringido  
942 |c BOOK 
999 0 |a Law